Catalog

Record Details

Catalog Search



Ms. Mebel goes back to the chopping block / Jesse ... Read More

Sutanto, Jesse Q.,(author.).

Available copies

  • 1 of 2 copies available at LARL/NWRL Consortium.
  • 1 of 2 copies available at Lake Agassiz Regional Library. (Show preferred library)

Current holds

0 current holds with 2 total copies.

Show All Copies
Location Call Number / Copy Notes Barcode Shelving Location Status Due Date
Fosston Public Library LARGE PRINT M SUT (Text) 33500014384168 New Available -

Record details

  • ISBN: 9781420533415
  • ISBN: 142053341X
  • Physical Description: 411 pages (large print) ; 23 cm.
  • Edition: Large print edition.
  • Publisher: [Waterville, Maine] : Thorndike Press, a part of Gale, a Cengage Company, 2026.

Content descriptions

Summary, etc.:
"A nearly divorced housewife enrolls in culinary ... Read More
Subject: Middle-aged women > Fiction.
Life change events > Fiction.
Divorced women > Fiction.
Separated women > Fiction.
Rich people > Fiction.
Retirees > Fiction.
Cooks > Fiction.
Marriage > Fiction.
Cooking schools > Fiction.
Missing persons > Investigation > Fiction.
Self-actualization (Psychology) in middle age > Fiction.
Large type books.
Jakarta (Indonesia) > Fiction.
Cowley (Oxfordshire, England) > Fiction.
Genre: Cozy mysteries.
Detective and mystery fiction.
Fiction.
Novels.
Large print books.
LDR 04232cam a2200721 i 4500
001488474
003LARL_NWRL_CONSORTIUM
00520260527145430.0
008260209t20262026meu ed 000 f eng d
007tb
040 . ‡aIG# ‡beng ‡erda ‡cIG# ‡dJST ‡dHBP ‡dOCLCO ‡dKSL ‡dOCLCQ ‡dJBL ‡dFTX
020 . ‡a9781420533415 ‡q(large print ; ‡qhardcover)
020 . ‡a142053341X ‡q(large print ; ‡qhardcover)
035 . ‡a(OCoLC)1572302244
043 . ‡aa-io--- ‡ae-uk-en
08204. ‡a823.92 ‡223/eng
1001 . ‡aSutanto, Jesse Q., ‡eauthor. ‡1https://id.oclc.org/worldcat/entity/E39PCjyqcgjd3cK7qMgqXYwxKq
24510. ‡aMs. Mebel goes back to the chopping block / ‡cJesse Q. Sutanto.
250 . ‡aLarge print edition.
264 1. ‡a[Waterville, Maine] : ‡bThorndike Press, a part of Gale, a Cengage Company, ‡c2026.
264 4. ‡c© 2026
300 . ‡a411 pages (large print) ; ‡c23 cm.
336 . ‡atext ‡btxt ‡2rdacontent
337 . ‡aunmediated ‡bn ‡2rdamedia
338 . ‡avolume ‡bnc ‡2rdacarrier
340 . ‡nlarge print ‡2rdafs
340 . ‡n16-point type
3410 . ‡atextual ‡blargePrint ‡2sapdv
520 . ‡a"A nearly divorced housewife enrolls in culinary school to win back her husband, only to start questioning the strange antics of her classmates in this new novel from the USA Today bestselling author of Vera Wong's Unsolicited Advice for Murderers. Retirement should mean long-awaited trips to the sapphire waters of Santorini or careening down a sand dune in Dubai. For sixty-three-year-old Mebel, retirement means her husband of more than forty years announcing that he's leaving her for their private chef. Mebel isn't sure who's the bigger loss. Not to worry, Mebel has the perfect plan: she's going to win back her husband. No one knows what he needs better than her--after all, she's been anticipating his needs their whole marriage. And if he wants a wife who can cook (why else would he leave her for a chef?), she will simply go to cooking school. Luckily, class at the renowned Saint Honoré School of Culinary Arts in France starts in just four days! However, Mebel quickly realizes that her culinary school is not in illustrious Paris but rather in England--and some small village outside of Oxford no less. Despite the less-than-warm welcome from her much younger classmates, Mebel manages to befriend Gemma, the breakout star of the program, who offers to help Mebel on their first day. When Gemma stops showing up to class, Mebel knows she must figure out what--or who--caused her friend's sudden disappearance. After all, Mebel may not know the first thing about how to cut a potato, but she certainly knows how to identify a fraud, and there's definitely something fishy going on"-- ‡cProvided by publisher.
650 0. ‡aMiddle-aged women ‡vFiction. ‡0(LARL_NWRL_CONSORTIUM)166047
650 0. ‡aLife change events ‡vFiction. ‡0(LARL_NWRL_CONSORTIUM)165934
650 0. ‡aDivorced women ‡vFiction. ‡0(LARL_NWRL_CONSORTIUM)164537
650 0. ‡aSeparated women ‡vFiction.
650 0. ‡aRich people ‡vFiction. ‡0(LARL_NWRL_CONSORTIUM)167014
650 0. ‡aRetirees ‡vFiction. ‡0(LARL_NWRL_CONSORTIUM)167070
650 0. ‡aCooks ‡vFiction. ‡0(LARL_NWRL_CONSORTIUM)164109
650 0. ‡aMarriage ‡vFiction. ‡0(LARL_NWRL_CONSORTIUM)166003
650 0. ‡aCooking schools ‡vFiction.
650 0. ‡aMissing persons ‡xInvestigation ‡vFiction. ‡0(LARL_NWRL_CONSORTIUM)173417
650 0. ‡aSelf-actualization (Psychology) in middle age ‡vFiction.
650 0. ‡aLarge type books. ‡0(LARL_NWRL_CONSORTIUM)24284
651 0. ‡aJakarta (Indonesia) ‡vFiction.
651 0. ‡aCowley (Oxfordshire, England) ‡vFiction.
655 7. ‡aCozy mysteries. ‡2lcgft
655 7. ‡aDetective and mystery fiction. ‡2lcgft
655 7. ‡aFiction. ‡2lcgft
655 7. ‡aNovels. ‡2lcgft
655 7. ‡aLarge print books. ‡2lcgft
936 . ‡aBATCHLOAD
901 . ‡a488474 ‡bAUTOGEN ‡c488474 ‡tbiblio

Additional Resources